000 00456nam a2200181Ia 4500
001 3717
005 20260306145704.0
008 260306t1995||||xx |||||||||||||| ||spa||
041 _aESP
082 _a302.1
_bG45
100 _aGilbert, Nigel [ed.]
_eAUT
245 0 _aArtificial societies:
_bthe computer simulation of social life
260 _c1995
300 _a302 páginas :
_c22 cm.
650 _aGEN
654 _aCHU
942 _cLIB
_dJUS
_fJUS
_2ddc
_n
999 _c3717
_d3717